000 00891nam a22003017a 4500
001 2898
003 FISKH
005 20250827142823.0
008 240122b cb ||||| |||| 00| 0 eng d
020 _a9780756630157
040 _aFISKH
_beng
_cFISKH
_dFISKH
050 _aSF487.5
082 _a636.5
100 _aRoyston, Angela
245 _aSee how they grow :
_bChick /
_cby Royston , Angela
250 _aSF487.5
260 _a636.5
300 _a20 unnumbered pages :
_bcolor illustrations ;
_c21 cm .
490 _asee how they grow (DK)
505 _aH
520 _aPhotographs and text depict the development of a chick from the egg stage to the eighth week.
521 8 _a430
_bLexile
521 8 _aH
_bRaz-Plus
600 _2chincken
_vnon-fiction
610 _2life circle
_vscience
700 _aBurton, Jane
_ePhotographer
942 _2ddc
_cBK
_n0
999 _c2898
_d2898